| 000 | 00765nam a2200205Ii 4500 | ||
|---|---|---|---|
| 003 | JO-AjNU | ||
| 008 | 230605s9999||||xx |||||||||||||| ||und|| | ||
| 040 |
_aJO-AjNU _bara _erda _cJO-AjNU |
||
| 041 | _aara | ||
| 050 | 1 | 4 | _aT5805.M34 2009 |
| 100 | 3 |
_aنصر الله ،محمد/م مشارك:حمزة الغولة،عثمان طه،اكرم ابورز, _eauthor _929782 |
|
| 245 | 0 | 0 | _aمفاهيم اساسية في تحليل وتصميم نظم المعلومات |
| 250 | _aط1 | ||
| 264 | 3 | 1 | _aعمان:مكتبة المجتمع العربي ، 2009 |
| 300 | _a162ص | ||
| 336 |
_atext _btxt _2rdacontent |
||
| 337 |
_aunmediated _bn _2rdamedia |
||
| 338 |
_avolume _bnc _2rdacarrier |
||
| 650 | 4 |
_aنظم المعلومات-تحليل وتصميم _929783 |
|
| 999 |
_aA11725 _c15293 _d15293 |
||